[Event "Turniej Niepodleglosci 2024"]
[Site "Warsaw POL"?"]
[Date "2024.11.11"]
[Round "8.10"]
[White "Przedmojski, Rafal"]
[Black "Dalkowski, Rafal"]
[Result "1/2-1/2"]
[WhiteElo "2196"]
[BlackElo "2068"]

1. g3 d5 2. Bg2 Nf6 3. Nf3 e6 4. O-O Be7 5. c4 O-O 6. d4 c6 7. Nc3 b6 8.
Nd2 Ba6 9. b3 b5 10. c5 Nbd7 11. b4 e5 12. Nb3 e4 13. Na5 Qc8 14. a4 bxa4
15. Qxa4 Bb7 16. Bg5 h6 17. Bxf6 Nxf6 18. e3 a6 19. Rfb1 h5 20. Bf1 h4 21.
Nxb7 Qxb7 22. Bxa6 Qd7 23. Qd1 Ng4 24. Be2 f5 25. b5 cxb5 26. Rxa8 Rxa8 27.
Qb3 Rd8 28. Qxb5 hxg3 29. hxg3 Qe6 30. Qb6 Qf7 31. Qc7 Nf6 32. Rb7 Re8 33.
Nb5 Qg6 34. Qc6 f4 35. exf4 e3 36. Qe6+ Kf8 37. Nc7 exf2+ 38. Kg2 Rd8 39.
Qe3 Ne4 40. Rb6 Qf5 41. Ne6+ Kf7 42. Nxd8+ Bxd8 43. Rb7+ Kg8 44. Bd3 Qc8
45. Rb1 Qc6 46. Bxe4 dxe4 47. Kxf2 Bf6 48. Rd1 Qd5 49. Kg2 Qa2+ 50. Rd2 Qd5
51. Kf2 Kf8 52. Qc3 Qh5 53. Qe3 Qh2+ 54. Ke1 Qh1+ 55. Ke2 Qg2+ 56. Kd1 Qf1+
57. Kc2 Qc4+ 58. Qc3 Qa2+ 59. Kc1 Qd5 60. Kb2 e3 61. Qxe3 Qxc5 62. Qc3 Qb6+
63. Ka2 Qe6+ 64. Qb3 Qe1 65. Rc2 Bxd4 66. Rc8+ Ke7 67. Qb7+ Kf6 68. Rf8+
Kg6 69. Qf7+ Kh7 70. Qf5+ g6 71. Qd7+ Bg7 72. Rf7 Qa1+ 73. Kb3 Qc3+ 74. Ka4
Qc4+ 75. Ka5 Qc5+ 76. Ka6 Qc4+ 77. Kb6 Qb4+ 78. Kc7 Qa5+ 79. Kc8 Qa8+ 80.
Kc7 Qa5+ 81. Kd6 Qb4+ 82. Kc6 Qa4+ 83. Kb6 Qb4+ 84. Ka7 Qc5+ 85. Kb8 Qb6+
86. Qb7 Qd8+ 87. Ka7 Qa5+ 88. Qa6 Qc5+ 89. Qb6 Qa3+ 90. Kb8 Qxg3 91. Qb7
Qc3 92. Rc7 Qa1 93. Qb3 Qf6 94. Qh3+ Kg8 95. Rc8+ Bf8 96. Qb3+ Kh7 97. Rc7+
Bg7 98. Qh3+ Kg8 99. Qd7 Kh7 100. Qh3+ 1/2-1/2

[Event "Turniej Niepodleglosci 2024"]
[Site "Warsaw POL"?"]
[Date "2024.11.11"]
[Round "9.1"]
[White "Krasenkow, Michal"]
[Black "Kashlinskaya, Alina"]
[Result "1-0"]
[WhiteElo "2399"]
[BlackElo "2383"]

1. Nf3 Nf6 2. c4 g6 3. Nc3 Bg7 4. e4 d6 5. d4 O-O 6. h3 e5 7. d5 Nh5 8. g3
f5 9. exf5 gxf5 10. Nh4 Qe8 11. Be2 Nf6 12. Qc2 Na6 13. a3 Nc5 14. Be3 f4
15. Bxc5 dxc5 16. Ne4 Nxe4 17. Qxe4 Bf6 18. Bd3 Qe7 19. Nf3 Bd7 20. O-O-O
Kh8 21. g4 Qg7 22. g5 Be7 23. Qxe5 Qxe5 24. Nxe5 Bf5 25. Nf3 Bxd3 26. Rxd3
Rf5 27. h4 Bf8 28. Re1 Rd8 29. Rd2 Kg8 30. Rde2 b5 31. b3 Rb8 32. Kc2 Bg7
33. Re8+ Rf8 34. Rxb8 Rxb8 35. cxb5 Rxb5 36. Nd2 Bd4 37. Re8+ Kf7 38. Re4
Rb8 39. Rxf4+ Kg6 40. Nf3 Bg7 41. h5+ Kxh5 42. Rf7 Kg6 43. Rxc7 Bh8 44. Nd2
Rd8 45. Rxa7 Rxd5 46. Ne4 Bd4 47. Ra6+ Kf5 48. f3 Kf4 49. Nd2 Kxg5 50. Ne4+
Kf4 51. Rh6 Rd7 52. Rh3 Ke3 53. Nd2 Rg7 54. Nc4+ Kf4 55. Kd3 Rg3 56. Rxg3
Kxg3 57. a4 h5 58. a5 h4 59. a6 h3 60. Nd2 Kf2 61. a7 h2 62. a8=Q h1=Q 63.
Ne4+ Kg1 64. Qg8+ Qg2 65. Qxg2+ Kxg2 66. Nd2 Kg3 67. Ke4 Kf2 68. f4 Ke2 69.
Nc4 Kd1 70. Kd3 Kc1 71. f5 Kb1 72. Nd6 Kb2 73. Kc4 Kc2 74. Ne8 Be3 75. f6
Bg5 76. f7 Be7 77. Nf6 1-0

[Event "Turniej Niepodleglosci 2024"]
[Site "Warsaw POL"?"]
[Date "2024.11.11"]
[Round "9.2"]
[White "Heberla, Bartlomiej"]
[Black "Czernek, Tymon"]
[Result "1-0"]
[WhiteElo "2454"]
[BlackElo "2240"]

1. Nf3 Nf6 2. c4 c6 3. Nc3 d5 4. e3 e6 5. b3 Bd6 6. Bb2 O-O 7. Be2 Nbd7 8.
Qc2 b6 9. Rg1 e5 10. cxd5 cxd5 11. Nb5 Bb8 12. Ba3 Nc5 13. d4 exd4 14. exd4
a6 15. Nc3 Ne6 16. Bxf8 Qxf8 17. Bd3 Bd6 18. Kf1 Bd7 19. Ne2 Nf4 20. Nxf4
Bxf4 21. Ne5 Be6 22. Bf5 Qb4 23. Bxe6 fxe6 24. Rd1 Rf8 25. Nf3 Ne4 26. Rd3
Qd6 27. g3 Bh6 28. Kg2 g5 29. h3 Bg7 30. Re3 h5 31. Rxe4 dxe4 32. Qxe4 Qd5
33. Re1 g4 34. hxg4 hxg4 35. Qxg4 Rf5 36. Qe4 Qxe4 37. Rxe4 Kf7 38. Ne5+
Ke7 39. Ng6+ Kd6 40. Nf4 e5 41. dxe5+ Bxe5 42. Nd3 Bc3 43. Rc4 Bg7 44. Rg4
Bc3 45. Rg6+ Kc7 46. Kf1 Ra5 47. a4 b5 48. Rg4 bxa4 49. Rc4+ Kd6 50. Rxc3
a3 51. Nc1 a2 52. Nxa2 Rxa2 53. g4 Ke5 54. Kg2 Ra1 55. Kf3 Rb1 56. Rd3 Rb2
57. Kg3 Rb1 58. Re3+ Kf6 59. Kf4 a5 60. f3 Rb2 61. Re5 Rxb3 62. Rxa5 Rb4+
63. Kg3 Rb1 64. Ra6+ Ke5 65. Ra5+ Kf6 66. g5+ Kg6 67. Kg4 Rg1+ 68. Kf4 Kh5
69. Ke4 Kg6 70. Kf4 Kh5 71. Re5 Rg2 72. Kf5 Rxg5+ 73. Kf6 Rxe5 74. Kxe5 Kg6
75. f4 Kf7 76. Kf5 Kg7 77. Ke6 Kf8 78. Kf6 Ke8 79. Kg7 Ke7 80. f5 1-0

[Event "Turniej Niepodleglosci 2024"]
[Site "Warsaw POL"?"]
[Date "2024.11.11"]
[Round "9.3"]
[White "Zochowski, Kacper"]
[Black "Jakubowski, Krzysztof"]
[Result "1-0"]
[WhiteElo "2273"]
[BlackElo "2351"]

1. Nf3 f5 2. d3 d6 3. e4 Nc6 4. exf5 Bxf5 5. d4 Nf6 6. Bb5 a6 7. Ba4 b5 8.
Bb3 Na5 9. h3 Qd7 10. Nc3 c5 11. dxc5 dxc5 12. Bf7+ Kd8 13. O-O Nc6 14. Be3
e5 15. Bd5 Nxd5 16. Nxd5 Ra7 17. Bg5+ Ke8 18. Re1 e4 19. Nh4 Kf7 20. c3 Be6
21. Nf4 Qxd1 22. Raxd1 Bxa2 23. Rxe4 g6 24. Nf3 Bg7 25. Rd6 Rc8 26. Ne6
Bxe6 27. Rexe6 Na5 28. Rxa6 Rxa6 29. Rxa6 Nc4 30. b3 Nb2 31. Ra7+ Kg8 32.
Bd2 c4 33. bxc4 Nxc4 34. Be1 Rd8 35. Kf1 Rd5 36. Rb7 Nb2 37. Nd4 Bxd4 38.
cxd4 Nc4 39. Bc3 h5 40. Ke2 Nd6 41. Rb8+ Kf7 42. Kd3 Nf5 43. Rb7+ Kf6 44.
Ke4 1-0

[Event "Turniej Niepodleglosci 2024"]
[Site "Warsaw POL"?"]
[Date "2024.11.11"]
[Round "9.4"]
[White "Jarmula, Lukasz"]
[Black "Fiszer, Bartosz"]
[Result "1-0"]
[WhiteElo "2307"]
[BlackElo "2235"]

1. Nf3 Nf6 2. g3 g6 3. c4 Bg7 4. Nc3 O-O 5. Bg2 d6 6. O-O Nc6 7. d3 e5 8.
Rb1 a5 9. b3 Nd7 10. Nd5 f5 11. a3 Nf6 12. Bg5 Be6 13. Nd2 Qd7 14. Bxf6
Bxf6 15. b4 axb4 16. axb4 Bd8 17. b5 Na5 18. Qc2 c6 19. bxc6 bxc6 20. Nb6
Bxb6 21. Rxb6 Rfb8 22. Rxb8+ Rxb8 23. Qc3 Qc7 24. c5 d5 25. e3 e4 26. Ra1
Nb7 27. Nb3 exd3 28. Qxd3 Qg7 29. Nd4 Nxc5 30. Qc2 Ne4 31. Qxc6 Bf7 32. Qc7
Qf8 33. Nc6 Re8 34. Ra7 Ra8 35. Qxf7+ Qxf7 36. Rxa8+ Kg7 37. Ra7 1-0

[Event "Turniej Niepodleglosci 2024"]
[Site "Warsaw POL"?"]
[Date "2024.11.11"]
[Round "9.5"]
[White "Radzimski, Antoni"]
[Black "Nguyen, Piotr"]
[Result "0-1"]
[WhiteElo "2127"]
[BlackElo "2295"]

1. e4 c5 2. Nf3 g6 3. c3 d5 4. e5 Nc6 5. d4 cxd4 6. cxd4 Bg4 7. Bb5 Qb6 8.
Nc3 e6 9. Be3 Ne7 10. h3 Bxf3 11. Qxf3 Nf5 12. Rd1 Rc8 13. O-O Bg7 14. g4
Nxe3 15. Qxe3 O-O 16. Rd2 Na5 17. Kg2 Rxc3 18. Qxc3 Qxb5 19. b3 Nc6 20. f4
f6 21. exf6 Bxf6 22. Qe3 Qb4 23. Qxe6+ Kg7 24. Rff2 Bxd4 25. Rfe2 Rxf4 26.
Qxd5 Qf8 27. Qd7+ Qf7 28. Qxf7+ Rxf7 29. Re6 Bb6 30. Red6 Ne5 31. a4 Nf3
32. Rd1 Nh4+ 33. Kh1 Rf3 34. R6d3 Be3 35. Kh2 Kh6 36. g5+ Kxg5 37. Rd5+ Kh6
38. R1d3 Rf2+ 39. Kg3 Rg2+ 0-1

[Event "Turniej Niepodleglosci 2024"]
[Site "Warsaw POL"?"]
[Date "2024.11.11"]
[Round "9.6"]
[White "Tsiapko, Andrii"]
[Black "Luch, Michal"]
[Result "0-1"]
[WhiteElo "2107"]
[BlackElo "2398"]

1. d4 Nf6 2. c4 e6 3. Nf3 d5 4. g3 dxc4 5. Bg2 Bb4+ 6. Bd2 a5 7. Qc2 Bxd2+
8. Qxd2 c6 9. a4 Ne4 10. Qc2 Nd6 11. Ne5 Na6 12. Nxc4 Nb4 13. Qb3 Nxc4 14.
Qxc4 Qxd4 15. Qxd4 Nc2+ 16. Kd1 Nxd4 17. e3 Nb3 18. Ra3 Nc5 19. Nd2 e5 20.
Nc4 Be6 21. Nxe5 O-O-O+ 22. Kc2 f6 23. Nd3 Bf5 24. Bh3 Bxh3 25. Nxc5 Rd5
26. Nb3 Rhd8 27. Nd4 c5 28. Rc3 Kb8 29. Nb3 Bg2 30. Re1 Be4+ 31. Kc1 b6 32.
Rc4 Bf3 33. Rf4 Bd1 34. Na1 Bh5 35. Nc2 Rd1+ 0-1

[Event "Turniej Niepodleglosci 2024"]
[Site "Warsaw POL"?"]
[Date "2024.11.11"]
[Round "9.7"]
[White "Malicka, Maria"]
[Black "Gdanski, Jacek"]
[Result "0-1"]
[WhiteElo "2090"]
[BlackElo "2343"]

1. e4 e6 2. d4 d5 3. Nc3 Bb4 4. Ne2 Ne7 5. a3 Ba5 6. exd5 exd5 7. g3 Bg4 8.
Bg2 Bxc3+ 9. bxc3 Nbc6 10. O-O Qd7 11. Rb1 b6 12. Re1 O-O 13. Bf4 Ng6 14.
Qd3 Na5 15. Be3 Nc4 16. a4 Rae8 17. Nf4 Bf5 18. Qd1 Nxf4 19. Bxf4 Rxe1+ 20.
Qxe1 Bxc2 21. Ra1 Re8 22. Qc1 Be4 23. Bf1 a5 24. Bxc4 dxc4 25. Qd1 Bd5 26.
Ra2 Qg4 27. Rd2 Bf3 28. Qf1 c6 29. h3 Qd7 30. Kh2 h6 31. Qxc4 Re1 32. g4
Rh1+ 33. Kg3 Rxh3+ 0-1

[Event "Turniej Niepodleglosci 2024"]
[Site "Warsaw POL"?"]
[Date "2024.11.11"]
[Round "9.8"]
[White "Golis, Wiktor"]
[Black "Dalkowski, Rafal"]
[Result "1-0"]
[WhiteElo "2144"]
[BlackElo "2068"]

1. e4 c6 2. d4 d5 3. e5 Bf5 4. h4 h5 5. Bd3 Bxd3 6. Qxd3 e6 7. Bg5 Be7 8.
Nf3 Nd7 9. Nbd2 Nh6 10. O-O Nf5 11. g3 a5 12. Rfe1 a4 13. Nf1 a3 14. b3 O-O
15. Ne3 Nxe3 16. Rxe3 c5 17. c3 cxd4 18. cxd4 Rc8 19. Kg2 Re8 20. Bxe7 Rxe7
21. Ng5 Nf8 22. Qe2 Qb6 23. Rd1 Qb4 24. Qxh5 Rc2 25. Rf3 g6 26. Qh6 Rc3 27.
h5 Rxf3 28. Nxf3 Qc3 29. Rc1 1-0

[Event "Turniej Niepodleglosci 2024"]
[Site "Warsaw POL"?"]
[Date "2024.11.11"]
[Round "9.9"]
[White "Chiszko, Oskar"]
[Black "Putlak, Wojciech"]
[Result "1-0"]
[WhiteElo "2141"]
[BlackElo "2054"]

1. e4 e6 2. d4 d5 3. Nc3 dxe4 4. Nxe4 Nd7 5. Nf3 Ngf6 6. Nxf6+ Nxf6 7. Bd3
Be7 8. O-O O-O 9. a3 b6 10. c3 Bb7 11. Qe2 h6 12. Ne5 Qd5 13. f3 c5 14.
dxc5 Bxc5+ 15. Kh1 Rfd8 16. Bc4 Qd6 17. b4 Rac8 18. bxc5 Rxc5 19. f4 Ne4
20. Be3 Ra5 21. Rfd1 Qc7 22. Rxd8+ Qxd8 23. Rd1 Qe8 24. Rd7 Rxe5 25. Rxb7
Ra5 26. Bxb6 axb6 27. Qxe4 Rxa3 28. h3 Rxc3 29. Ra7 f5 30. Bxe6+ Kh8 31.
Qe5 Rc1+ 32. Kh2 Qf8 33. Rf7 Qg8 34. Rb7 Qxe6 35. Qxg7# 1-0

[Event "Turniej Niepodleglosci 2024"]
[Site "Warsaw POL"?"]
[Date "2024.11.11"]
[Round "9.10"]
[White "Janeczko, Jakub"]
[Black "Niezhentsev, Kyrylo"]
[Result "0-1"]
[WhiteElo "2075"]
[BlackElo "2232"]

1. e4 c5 2. d3 Nc6 3. g3 e6 4. Bg2 Nf6 5. Nf3 d5 6. Nbd2 Be7 7. O-O O-O 8.
Re1 Qc7 9. e5 Nd7 10. Qe2 b5 11. h4 Re8 12. h5 h6 13. Nf1 Bb7 14. N1h2 Rad8
15. Ng4 Bf8 16. Bf4 Qc8 17. Qd2 Kh7 18. Nh4 Ne7 19. Qe2 Nf5 20. Nxf5 exf5
21. Nh2 Bd6 22. Nf3 d4 23. exd6 Rxe2 24. Rxe2 Qa8 25. Nh4 Bxg2 26. Nxg2 Nf6
27. Re7 Nxh5 28. Rxf7 Qd5 29. Rxa7 Nxf4 30. Nxf4 Qxd6 31. Re1 Rd7 32. Rxd7
Qxd7 33. Re5 c4 34. Rd5 Qa7 35. Rxb5 Qxa2 36. dxc4 Qb1+ 37. Kg2 Qxc2 38.
Rd5 Qxc4 39. Kg1 Qc1+ 40. Kg2 Qxb2 41. Rxf5 Qb7+ 42. f3 Qb2+ 43. Kh3 Qc3
44. Rd5 Qc8+ 45. Kg2 Qc2+ 46. Kh3 Qd1 47. Kg4 Qa4 48. Kh3 Qc4 49. Rd8 g5
50. Nd5 d3 51. Nf6+ Kg7 52. Ne4 Qe6+ 53. Kg2 Qa2+ 54. Kh3 Qe2 55. Nc5 d2
56. Rd7+ Kf8 57. Rd8+ Kf7 58. Rd7+ Ke8 0-1